Statistics for Croatia 2018 FIFA World Cup Squad

Click here to take the quiz!

General Stats

  • This quiz has been taken 1,096 times
  • The average score is 17 of 24

Answer Stats

Pos Player Team % Correct
MFLuka ModrićReal Madrid
99%
MFIvan RakitićBarcelona
97%
FWMario MandžukićJuventus
93%
DFDejan LovrenLiverpool
91%
GKDanijel SubašićMonaco
90%
FWIvan PerišićInter Milan
89%
DFDomagoj VidaBeşiktaş
89%
MFMateo KovačićReal Madrid
86%
FWAnte RebićEintracht Frankfurt
84%
DFŠime VrsaljkoAtlético Madrid
78%
MFMarcelo BrozovićInter Milan
75%
FWAndrej Kramarić1899 Hoffenheim
72%
FWNikola KalinićAC Milan
71%
GKLovre KalinićGent
71%
DFVedran ĆorlukaLokomotiv Moscow
65%
CoachZlatko Dalić/
57%
DFTin JedvajBayer Leverkusen
57%
MFMilan BadeljFiorentina
56%
DFIvan StrinićSampdoria
53%
GKDominik LivakovićDinamo Zagreb
52%
DFDuje Ćaleta-CarRed Bull Salzburg
42%
FWMarko PjacaSchalke 04
38%
DFJosip PivarićDynamo Kyiv
37%
MFFilip BradarićRijeka
31%

Score Distribution

Percentile by Number Answered

Percent of People with Each Score

Your Score History

You have not taken this quiz